00468nam a22001457a 4500003001200000005001700012008004100029020001500070040001200085082001200097100001700109245015400126260001100280650003100291NUST - PNEC20170116180859.0150901b xxu||||| |||| 00| 0 eng d a0074600036 cLIBRARY a620 AGA aAgarwal, R S aAdvances in mechanical engineering : proceedings of the Seventh ISME Conference on Mechanical Engineering, New Delhi, February 1-3, 1990cR S Agarwal cc.1990 aMechanical engineeringxME